Biblioteca

Freud y la religión / Albert Plé ; José Luis Legaza, Traductor (Registro nro. 32415)

Detalles MARC
000 -LÍDER
Campo fijo de descripción fija 007470000a22002050004500
041 0# - CÓDIGO DE IDIOMA
Código de idioma para texto/pista de sonido o título separado
082 04 - NÚMERO DE CLASIFICACIÓN DECIMAL DEWEY
Número de clasificación G 150.12 P7241f
001 - NÚMERO DE CONTROL
Campo de control 1054
100 1# - ASIENTO PRINCIPAL--NOMBRE PERSONAL
Nombre personal Plé, Albert
245 10 - TÍTULO
Título del Material Freud y la religión / Albert Plé ; José Luis Legaza, Traductor
260 ## - PUBLICACIÓN, DISTRIBUCIÓN, ETC. (PIE DE IMPRENTA)
Lugar de publicación, distribución, etc. Madrid, España : Biblioteca de Autores Cristianos
300 ## - DESCRIPCIÓN FÍSICA
Extensión 216 Pag.
336 ## - CONTENT TYPE
Content type term texto
Content type code txt
Source rdacontent
337 ## - MEDIA TYPE
Source rdamedia
Media type term sin mediación
Media type code n
338 ## - CARRIER TYPE
Source rdacarrier
Carrier type term volumen
Carrier type code nc
500 ## - NOTA GENERAL
Nota General Título original : Freud et la religion
505 00 - NOTA DE CONTENIDO
Nota de contenido con formato preestablecido psicoanálisis y religión -- la religión según Freud -- un problema personal de Freud -- ¿hacia "otra cosa"? -- la teología y Freud
650 14 - ASIENTO SECUNDARIO DE MATERIA - TERMINO TEMÁTICO
Término temático o nombre geográfico como elemento de entrada PSICOLOGIA DE LA RELIGION \ PSICOANALISIS Y RELIGION
942 ## - TIPO DE MATERIAL (KOHA)
Tipo de Item KOHA Libros General
Existencias
Estado de Material Estado de Perdido Estado de Dañado No para Préstamo Colección Tomo Biblioteca de Origen Biblioteca Permanente Fecha de Adquisición Total de Préstamos Signatura Topográfica Código de Barras Última vez visto Ejemplar/Existencia Fecha de Remplazo Tipo de Material
        Colección General   Biblioteca FUSBC Biblioteca FUSBC 04/10/2004   G 150.12 P7241f 325 12/12/2019 1 26/01/2016 Libros General

Biblioteca FUSBC | Teléfono: (57+4) 349 88 10 Ext. 141| WhatsApp (+57) 3005338115 
E-mail: biblioteca@unisbc.edu.co | Calle 76 87-14 Robledo Palenque, Medellín, Colombia

Con tecnología Koha